Catálogo
 En Linea

Discurso de Apertura del Congreso Internacional de Intelectuales y Artistas. (Registro nro. 43465)

Detalles MARC
000 -CABECERA
campo de control de longitud fija 00471nam a2200133 a 4500
001 - NÚMERO DE CONTROL
campo de control 000043976
005 - FECHA Y HORA DE LA ÚLTIMA TRANSACCIÓN
campo de control 20201002045056.0
008 - DATOS DE LONGITUD FIJA--INFORMACIÓN GENERAL
campo de control de longitud fija 140512s1987 sp 000 0 spa d
040 ## - FUENTE DE LA CATALOGACIÓN
Centro catalogador/agencia de origen DO-SdBNP
Lengua de catalogación spa
Centro/agencia transcriptor BNPHU
111 2# - ENTRADA PRINCIPAL--NOMBRE DE CONGRESO/REUNIÓN
Nombre de congreso/reunión o jurisdicción como elemento de entrada Congreso internacional de intelectuales y artistas
Fecha del congreso/reunión (1987:
Sede del congreso/Lugar de la reunión Valencia )
9 (RLIN) 71927
245 10 - MENCIÓN DE TÍTULO
Título Discurso de Apertura del Congreso Internacional de Intelectuales y Artistas.
260 ## - PUBLICACIÓN, DISTRIBUCIÓN, ETC.
Lugar de publicación, distribución, etc. Valencia :
Nombre del editor, distribuidor, etc. Arte Gráfica Soler,
Fecha de publicación, distribución, etc. 1987.
300 ## - DESCRIPCIÓN FÍSICA
Extensión 14 p. ;
Dimensiones 29 cm.
Existencias
Estado de retiro Estado de pérdida Restricciones de uso No para préstamo Código de colección Localización permanente Ubicación/localización actual Ubicación en estantería Fecha de adquisición Número de inventario Total de préstamos Signatura topográfica completa Código de barras Fecha visto por última vez Precio válido a partir de Tipo de ítem Koha
      Excluido de préstamo Monografías: Libros y Folletos General General En catalogación 12.05.2014 LF1   43976-10 25.06.2020 25.06.2020 No se presta

Con tecnología Koha